| 000 | 00390nam a2200145 a 4500 | ||
|---|---|---|---|
| 005 | 20140412111329.0 | ||
| 008 | 110129s19uu xx 00 eng d | ||
| 020 | _a0-14-054905-6 | ||
| 050 |
_aTR(PS E _bWh55 1975 |
||
| 100 | _aAardema, Verna | ||
| 245 |
_aWhy mosquitoes buzz in people's ears / _cVerna Aardema. |
||
| 260 |
_aNY : _bDial books, _c1975. |
||
| 300 | _aunp. | ||
| 999 |
_c104833 _d104833 |
||